| 000 | 02990nam a2200253Ia 4500 | ||
|---|---|---|---|
| 003 | Ost | ||
| 005 | 20260507075011.0 | ||
| 008 | 260507s9999||||xx |||||||||||||| ||und|| | ||
| 020 | _a9789957003081 | ||
| 040 | _cfsecg | ||
| 041 | _aara | ||
| 082 | _a338.9 | ||
| 100 |
_aحامد، سهير _eمؤلف |
||
| 245 | 0 |
_aاشكالية التنمية الوطن العربي / _c سهير حامد |
|
| 260 |
_aعمان: _bدار الشروق للنشر, _c2007 |
||
| 300 |
_a192 صفحة؛ _bإيضاحات ؛ _c24 سم |
||
| 504 | _aبيبليوغرافيا: ص. 185 | ||
| 520 | _aالمحتويات : المقدمة-الفصل الأول : التنمية والتخلف : المفاهيم والنظريات وتطورها التاريخي : ظهور وتطور مفهوم التنمية : الاتجاهات النظرية في التنمية : نظرية التحديث : خصائص النظرية : مبادئ نظرية التحديث : نقد نظرية التحديث : نظرية التبعية : خصائص نظرية فرانك : الانتقادات الموجهة لنظرية فرانك : نظرية التنمية البديلة-الفصل الثاني : التركيب الاجتماعي والاقتصادي للوطن العربي : أنماط الإنتاج والتشكيلات ما قبل الرأسمالية : المرحلة الاستعمارية واستغلال البلدان العربية : التشوهات الأساسية التي أحدثها الاستعمار في البنية الاقتصادية الاجتماعية في البلدان العربية : البلدان العربية وخصائص بنيتها الاقتصادية : الاستراتيجيات الدولية في البلدان النامية (الوطن العربي نموذجا)-الفصل الثالث : أزمة التنمية في الوطن العربي : جهود التكامل الاقتصادي العربي : الولايات المتحدة والنظام الشرق أوسطي : النفط والتكامل الاقتصادي العربي ودوره في التنمية : التبعية الاقتصادية في الوطن العربي : أثر العوامل الاقتصادية والاجتماعية على أزمة التنمية-الفصل الرابع : العولمة وتداعياتهاعلى الوطن العربي : التطلعات والتحديات أمام الاقتصاد العربي : العولمة : الأهمية الاقتصادية للدول العربية : التكامل الاقتصادي العربي : التعاون الإقليمي العربي : العمل العربي لمواحهة آثار السياسة الاقتصادية الأوروبية-الفصل الخامس : النتائج العامة والحلول. | ||
| 653 | _aالتنمية | ||
| 653 | _aالتنمية الاجتماعية | ||
| 653 | _aالتنمية الاقتصادية | ||
| 653 | _aالتنمية- العالم العربي | ||
| 942 | _cكتاب | ||
| 999 |
_c42161 _d42161 |
||